Study on silviculture knowledeg implementation for local community in tram kak district takeo province, សិក្សាពីចំនេះដឹងរុក្ខវប្បកម្មដែលអនុវត្តដោយប្រជាជនសហកមន៍នៅស្រុកត្រាំកក់ ខេត្តតាកែវ (Record no. 3151)

000 -LEADER
fixed length control field 00706nam a22001577a 4500
003 - CONTROL NUMBER IDENTIFIER
control field OSt
005 - DATE AND TIME OF LATEST TRANSACTION
control field 20151104163631.0
008 - FIXED-LENGTH DATA ELEMENTS--GENERAL INFORMATION
fixed length control field 151104b xxu||||| |||| 00| 0 eng d
040 ## - CATALOGING SOURCE
Transcribing agency RUA
082 ## - DEWEY DECIMAL CLASSIFICATION NUMBER
Classification number FOR KUM 1999 B126 Or.1
100 ## - MAIN ENTRY--PERSONAL NAME
9 (RLIN) 3378
Personal name KUM, CHANRATH.
245 ## - TITLE STATEMENT
Title Study on silviculture knowledeg implementation for local community in tram kak district takeo province, សិក្សាពីចំនេះដឹងរុក្ខវប្បកម្មដែលអនុវត្តដោយប្រជាជនសហកមន៍នៅស្រុកត្រាំកក់ ខេត្តតាកែវ
260 ## - PUBLICATION, DISTRIBUTION, ETC. (IMPRINT)
Place of publication, distribution, etc. Phnom Penh
Name of publisher, distributor, etc. RUA
Date of publication, distribution, etc. 1999
300 ## - PHYSICAL DESCRIPTION
Extent 67p.
Other physical details ill.
Dimensions 29cm.
942 ## - ADDED ENTRY ELEMENTS (KOHA)
Source of classification or shelving scheme
Koha item type FOR
Holdings
Price effective from Date last seen Permanent Location Not for loan Date acquired Source of classification or shelving scheme Koha item type Lost status Withdrawn status Date last checked out Total Checkouts Shelving location Damaged status Barcode Current Location Full call number
2015-11-042015-11-04Library Block B 2015-11-04 FOR    B126 RUA010913Library Block BFOR KUM 1999 B126 Or.1
2015-11-042015-11-04Library Block B 2015-11-04 FOR    B126 RUA010627Library Block BFOR KUM 1999 B126 Or.2
2015-11-042019-04-02Library Block B 2015-11-04 FOR  2019-03-042B126 RUA026233Library Block BFOR KUM 1999 B126 Or.3
មជ្ឈមណ្ឌលឯការនៃសាកលវិទ្យាល័យភូមិន្ទកសិកម្មចំការដូង

Powered by Koha